Druhá vlna koronavírusu sa stupňuje: Univerzitná nemocncia vyčlenila sto lôžok

Bibliographic Details
Main Author: Gécziová, Katarína (Author)
Format: Article
Language:Slovak
PhysicalDescription:Fotografie
ISSN:1336-5320
Subjects:
Online Access:https://kosice.korzar.sme.sk/c/22500775/druha-vlna-koronavirusu-sa-stupnuje-v-kosiciach-vyclenili-sto-lozok.html

MARC

LEADER 00000nab a2200000u 4500
001 vtls011996479
003 SK-MaSNL
005 20260303210806.0
008 201007|2020 xo ||||||| ||00 ||slo|
038 |a KEVKJB 
040 |a KEVKJB  |b slo  |e rda 
041 0 |a slo 
043 |a e-xo--- 
044 |a xo  |c SK 
072 7 |a 614  |x Verejné zdravie a hygiena  |2 konspekt 
080 |a 614.2:725.511  |2 2011 
100 1 |a Gécziová, Katarína  |4 aut  |9 1031787 
245 1 0 |a Druhá vlna koronavírusu sa stupňuje: Univerzitná nemocncia vyčlenila sto lôžok  |c Katarína Gécziová 
300 |b Fotografie 
336 |a text  |b txt  |2 rdacontent 
337 |a bez média  |b n  |2 rdamedia 
338 |a zväzok  |b nc  |2 rdacarrier 
610 2 7 |a Univerzitná nemocnica L. Pasteura Košice  |2 SNKKAnba  |9 155401 
650 0 7 |a COVID-19  |2 SNKPH  |9 201532 
650 0 7 |a pandémie  |2 SNKPH  |9 59320 
651 7 |a Košice (Slovensko)  |2 SNKPHgeo  |9 18694 
773 0 |t Košický večer  |g Roč. 53, č. 39 (2020), s. 3  |x 1336-5320 
852 |a KEVKJB  |b KIS3GCP 
856 4 1 |u https://kosice.korzar.sme.sk/c/22500775/druha-vlna-koronavirusu-sa-stupnuje-v-kosiciach-vyclenili-sto-lozok.html 
958 |a MI 
999 |c 2201764  |d 2203694